| 000 | 00430nam a22001457a 4500 | ||
|---|---|---|---|
| 005 | 20251210141135.0 | ||
| 008 | 251210b |||||||| |||| 00| 0 eng d | ||
| 020 | _a0916730395 | ||
| 050 |
_aRT48 _b.A87 |
||
| 245 |
_aAssessment _bNurse's Reference Library |
||
| 260 |
_aSpringhouse, Pennsylvania _bNursing83 Books _c1983 |
||
| 300 |
_axxxvii. 839p. _bill. some color _c22.5cm |
||
| 710 | _aSpringhouse Corporation | ||
| 942 |
_2lcc _cBK _n0 |
||
| 999 |
_c8537 _d8537 |
||